Cargando...
فقه اللغة العربية : دراسات تحليلية مقارنة
| Autor principal: | |
|---|---|
| Formato: | Printed Book |
| Lenguaje: | English |
| Publicado: |
وزارة الثقافة
2015
|
| LEADER | 00528nam a22001337a 4500 | ||
|---|---|---|---|
| 008 | 200318b ||||| |||| 00| 0 eng d | ||
| 999 | |c 349997 |d 349997 | ||
| 020 | |a 995794150X, 9789957941505 | ||
| 082 | |a 412 NZ | ||
| 100 | |a آمنة صالح زعبي | ||
| 245 | |a فقه اللغة العربية : |b دراسات تحليلية مقارنة | ||
| 260 | |b وزارة الثقافة |c 2015 | ||
| 942 | |c BK | ||
| 952 | |0 0 |1 0 |2 ddc |4 0 |6 412_000000000000000_NZ |7 0 |9 404065 |a ARA |b ARA |c ST1 |d 2020-03-18 |i 12217 |l 0 |o 412 NZ |p ARA12217 |r 2020-03-18 |w 2020-03-18 |y BK | ||